000 00419nam a2200121 a 4500
008 120416s1984 xx |||||||||||||| || u
050 _aTT 195 Wat
100 _aWatson, Aldren A
245 1 0 _aFurniture making, plain and simple
260 _c1984
350 _a0.00
995 _D0.00
_FCBU-MAIN LIBRARY (Kitwe)
_H1
_I24.95
_UAVAILABLE
_ZAnnex Low-Usage Collection
999 _c44231
_d44231